000 00257nam a2200109Ia 4500
008 190216s9999||||xx |||||||||||||| ||und||
100 _aPonkunnanvarkey
245 0 _aMalayalam-Maricha Veedu
260 _bSree Devi Books
650 _aMalayalam
942 _cBK
999 _c26243
_d26243